Statistiques concernant Massive Pictures Quiz # 7 (Groupe de Rock)

Cliquez ici pour prendre le quiz!

Statistiques générales

  • Ce quiz a été pris 214 fois
  • Le résultat moyen est 24 sur 50

Statistiques - réponses

Réponse% Correct
The Beatles
96%
The Rolling Stones
91%
Nirvana
89%
Queen
87%
Kiss
86%
The Police
82%
U2
80%
AC/DC
79%
Metallica
76%
The Doors
68%
ZZtop
68%
Guns N'Roses
66%
Oasis
64%
Led Zeppelin
62%
Blondie
60%
David Bowie
56%
Foo Fighters
56%
Jimi Hendrix
56%
Muse
54%
Red Hot Chili Peppers
53%
Pink Floyd
52%
Black Sabbath
51%
Génésis
51%
Motörhead
51%
Scorpions
51%
The Who
50%
The Cure
49%
The White Stripes
49%
Radiohead
47%
Linkin Park
46%
Bob Dylan
41%
Dire Straits
39%
Bruce Springsteen
36%
Santana
33%
Coldplay
32%
The Beach Boys
31%
The Clash
31%
Bon Jovi
27%
Arctic Monkeys
23%
Deep Purple
22%
REM
20%
The Smashing Pumpkins
20%
Eurythmics
18%
The Kinks
17%
The Velvet Underground
15%
Placebo
13%
Roxy Music
8%
The Moody Blues
6%
Snow Patrol
3%
Emerson, Lake and Palmer
1%

Distribution des résultats

Percentile par nombre de réponses

% des personnes avec chaque résultat

Votre développement - résultats

Vous n’avez pas pris ce quiz